Proceeding of the international conference on communication computer and devices 14-16 December 200 (Record no. 43286)
[ view plain ]
| 000 -LEADER | |
|---|---|
| fixed length control field | 00592nam a22001817a 4500 |
| 008 - FIXED-LENGTH DATA ELEMENTS--GENERAL INFORMATION | |
| fixed length control field | 230614b |||||||| |||| 00| 0 eng d |
| 020 ## - INTERNATIONAL STANDARD BOOK NUMBER | |
| International Standard Book Number | 81-7764-100-X |
| 040 ## - CATALOGING SOURCE | |
| Original cataloging agency | National Science Library |
| Transcribing agency | National Science Library |
| 080 ## - UNIVERSAL DECIMAL CLASSIFICATION NUMBER | |
| Universal Decimal Classification number | 621.39(082.2) |
| Item number | P0.1 |
| 245 ## - TITLE STATEMENT | |
| Title | Proceeding of the international conference on communication computer and devices 14-16 December 200 |
| 260 ## - PUBLICATION, DISTRIBUTION, ETC. | |
| Place of publication, distribution, etc. | New Delhi: |
| Name of publisher, distributor, etc. | Allied Publishers Limited, |
| Date of publication, distribution, etc. | 2000 |
| 300 ## - PHYSICAL DESCRIPTION | |
| Extent | 394p. |
| 650 ## - SUBJECT ADDED ENTRY--TOPICAL TERM | |
| Topical term or geographic name entry element | Communications |
| 653 ## - INDEX TERM--UNCONTROLLED | |
| Uncontrolled term | Computers |
| 700 ## - ADDED ENTRY--PERSONAL NAME | |
| Personal name | Maskara, S L (Ed.) |
| 700 ## - ADDED ENTRY--PERSONAL NAME | |
| Personal name | Lamba, T S (Ed.) |
| 942 ## - ADDED ENTRY ELEMENTS (KOHA) | |
| Source of classification or shelving scheme | Universal Decimal Classification |
| Koha item type | Proceedings |
| Withdrawn status | Lost status | Source of classification or shelving scheme | Damaged status | Not for loan | Home library | Current library | Shelving location | Date acquired | Serial Enumeration / chronology | Total Checkouts | Full call number | Barcode | Date last seen | Price effective from | Koha item type |
|---|---|---|---|---|---|---|---|---|---|---|---|---|---|---|---|
| Universal Decimal Classification | National Science Library | National Science Library | GF/Rk-15/C-8/R-6 | 15/06/2001 | Vol. 1 | 621.39(082.2) P0.1 | 179645 | 14/06/2023 | 14/06/2023 | Proceedings | |||||
| Universal Decimal Classification | National Science Library | National Science Library | GF/Rk-15/C-8/R-6 | 15/06/2001 | Vol. 2 | 621.39(082.2) P0.2 | 179646 | 14/06/2023 | 14/06/2023 | Proceedings |